[Event "Chigorin Memorial"]
[Site "St Petersburg"]
[Date "2016.10.18"]
[Round "4.163"]
[White "Efremov, Vladislav"]
[Black "Kozyakov, Andrey"]
[Result "1/2-1/2"]
[WhiteElo "1933"]
[BlackElo "1620"]
[PlyCount "132"]
[EventDate "2016.10.15"]
[EventType "swiss"]
[EventRounds "9"]
[EventCountry "RUS"]

1. d4 d5 2. c4 c6 3. Nd2 Bf5 4. Ngf3 Nd7 5. Nh4 Bg6 6. Nxg6 hxg6 7. cxd5 cxd5
8. Qb3 Nb6 9. a4 Qc7 10. a5 Nc4 11. Nxc4 dxc4 12. Qb5+ Kd8 13. g3 Rh5 14. Qa4
Rc8 15. Bg2 e6 16. O-O Bd6 17. e4 Bf8 18. Bf3 Rh8 19. Be3 Nf6 20. d5 exd5 21.
Bxa7 Bc5 22. Bxc5 Qxc5 23. exd5 Kc7 24. Qa3 Kd6 25. Qc3 Ra8 26. Rfe1 Rhe8 27.
Red1 Ra6 28. Rdc1 Ne4 29. Bxe4 Rxe4 30. b4 Qd4 31. Qf3 f5 32. Rd1 Qb2 33. Rab1
Qe5 34. Qa3 b5 35. Rbc1 g5 36. Qc3 f4 37. Kg2 Ra8 38. Qxe5+ Rxe5 39. gxf4 gxf4
40. Rd4 g5 41. Rcd1 Rc8 42. Kf3 c3 43. a6 c2 44. Rc1 Rxd5 45. Rxd5+ Kxd5 46. a7
Ra8 47. Rxc2 Rxa7 48. Rc5+ Kd4 49. Rxg5 Kc4 50. Kxf4 Kxb4 51. h4 Kc4 52. h5 b4
53. h6 b3 54. Rg1 Rf7+ 55. Kg3 Rh7 56. Rh1 b2 57. f4 Rxh6 58. Rb1 Kc3 59. Kg4
Ra6 60. Kg5 Ra1 61. Rxb2 Kxb2 62. f5 Rf1 63. f6 Kc3 64. Kg6 Kd4 65. f7 Ke5 66.
Kg7 Rg1+ 1/2-1/2

[Event "Chigorin Memorial"]
[Site "St Petersburg"]
[Date "2016.10.18"]
[Round "4.164"]
[White "Mirzaeva, Gulnara"]
[Black "Koliadintcev, Igor"]
[Result "1/2-1/2"]
[WhiteElo "1919"]
[BlackElo "1614"]
[PlyCount "102"]
[EventDate "2016.10.15"]
[EventType "swiss"]
[EventRounds "9"]
[EventCountry "RUS"]

1. e4 c5 2. Nf3 e6 3. d4 cxd4 4. Nxd4 Nc6 5. Nb5 Nf6 6. Bf4 e5 7. Bg5 Qa5+ 8.
Qd2 Bb4 9. c3 Be7 10. Bxf6 gxf6 11. N1a3 Bxa3 12. Nxa3 a6 13. Nc4 Qc7 14. Nd6+
Ke7 15. O-O-O Nd4 16. Nf5+ Nxf5 17. exf5 d6 18. g4 b5 19. Bg2 Rb8 20. Kb1 h5
21. h3 Bb7 22. Bxb7 Rxb7 23. Rhe1 Qd7 24. f4 hxg4 25. hxg4 Rg8 26. fxe5 dxe5
27. Qh2 Qc7 28. Rd4 Rd8 29. Rxd8 Qxd8 30. Kc2 Qd5 31. g5 Rd7 32. gxf6+ Kd8 33.
a3 Qd3+ 34. Kc1 Qxf5 35. Qxe5 Qxe5 36. Rxe5 Rd6 37. a4 bxa4 38. Ra5 Rxf6 39.
Rxa4 Rc6 40. Kd2 Rb6 41. b4 Kd7 42. c4 Ke6 43. c5 Rc6 44. Kd3 Kd5 45. Ra1 Rf6
46. Rd1 Kc6 47. Ke4 Rh6 48. Rb1 Rh5 49. Rf1 Rh4+ 50. Rf4 Rxf4+ 51. Kxf4 a5
1/2-1/2

[Event "Chigorin Memorial"]
[Site "St Petersburg"]
[Date "2016.10.18"]
[Round "4.165"]
[White "Khochinsky, Andrey"]
[Black "Bondarenko, Dmitry"]
[Result "1/2-1/2"]
[WhiteElo "1745"]
[BlackElo "1918"]
[PlyCount "161"]
[EventDate "2016.10.15"]
[EventType "swiss"]
[EventRounds "9"]
[EventCountry "RUS"]

1. d4 Nf6 2. c4 d5 3. Nc3 e6 4. Bg5 Be7 5. e3 O-O 6. Nf3 Nbd7 7. Rc1 c6 8. Bd3
h6 9. Bh4 dxc4 10. Bxc4 b5 11. Bd3 Bb7 12. O-O Rc8 13. a3 a6 14. Bxf6 Nxf6 15.
Ne4 Nxe4 16. Bxe4 f5 17. Bb1 c5 18. dxc5 Bxc5 19. Ba2 Qe8 20. b4 Ba7 21. Qd6
Rf6 22. Nd4 Bxd4 23. exd4 Rd8 24. Qe5 Bd5 25. Bxd5 Rxd5 26. Qf4 Qd7 27. Qb8+
Rf8 28. Qb6 Rd6 29. Qc7 Rd8 30. g3 Rxd4 31. Qxd7 R8xd7 32. Rc6 R4d6 33. Rfc1
Kf7 34. h4 Kf6 35. Kg2 e5 36. R1c5 g5 37. hxg5+ hxg5 38. Rc3 g4 39. R3c5 Ke6
40. Rc8 Rd8 41. R8c7 e4 42. Rh7 Rf8 43. Rh6+ Rf6 44. Rh8 Rf7 45. Re8+ Kf6 46.
Rh8 Kg7 47. Rcc8 Rff6 48. Rhg8+ Kf7 49. Rh8 Rg6 50. Rhf8+ Ke6 51. Rce8+ Kd7 52.
Rd8+ Kc6 53. Rxd6+ Rxd6 54. Rxf5 Re6 55. Rg5 e3 56. fxe3 Rxe3 57. Rxg4 Rxa3 58.
Rf4 Kd5 59. Kh3 Ke5 60. Kg4 Rb3 61. Rf5+ Ke6 62. Rf4 Ke5 63. Kh4 Rc3 64. Kg4
Rc4 65. Kg5 Kd5 66. Kf5 Rc8 67. g4 Rf8+ 68. Kg5 Rg8+ 69. Kh4 Ke5 70. Kg3 Ra8
71. g5 a5 72. bxa5 Rxa5 73. Rg4 Ra4 74. g6 Kf6 75. g7 Rxg4+ 76. Kxg4 Kxg7 77.
Kf5 b4 78. Ke4 b3 79. Kd3 b2 80. Kc2 b1=Q+ 81. Kxb1 1/2-1/2

[Event "Chigorin Memorial"]
[Site "St Petersburg"]
[Date "2016.10.18"]
[Round "4.166"]
[White "Andrijashkin, Deniss"]
[Black "Yaroslavtsev, Artem"]
[Result "0-1"]
[WhiteElo "1661"]
[BlackElo "1910"]
[PlyCount "78"]
[EventDate "2016.10.15"]
[EventType "swiss"]
[EventRounds "9"]
[EventCountry "RUS"]

1. e4 g6 2. d4 Bg7 3. c4 d6 4. Nc3 Nf6 5. f3 O-O 6. Be3 Nc6 7. Qd2 a6 8. Bd3 e5
9. d5 Nd4 10. Nge2 Nd7 11. O-O-O Nc5 12. Bc2 Nxc2 13. Qxc2 Qe7 14. b4 Nd7 15.
Kb2 b5 16. cxb5 axb5 17. Nxb5 Ba6 18. Nbc3 Rfb8 19. a3 Qh4 20. Nc1 Bh6 21. Bf2
Qg5 22. Rhg1 Nb6 23. Bxb6 Rxb6 24. Nb3 c5 25. Na4 Rb7 26. Na5 cxb4 27. Nxb7
bxa3+ 28. Ka2 Bxb7 29. Nb6 Ra5 30. Rb1 Rc5 31. Qe2 Ba6 32. Qd1 Qe3 33. Re1 Qf2+
34. Kxa3 Ra5+ 35. Na4 Qc5+ 36. Rb4 Bb5 37. Qb3 Rxa4+ 38. Qxa4 Bxa4 39. Kxa4
Qxb4+ 0-1

[Event "Chigorin Memorial"]
[Site "St Petersburg"]
[Date "2016.10.18"]
[Round "4.167"]
[White "Vasilyev, Alexey"]
[Black "Tikholiz, Sergei"]
[Result "1-0"]
[WhiteElo "1899"]
[BlackElo "1522"]
[PlyCount "73"]
[EventDate "2016.10.15"]
[EventType "swiss"]
[EventRounds "9"]
[EventCountry "RUS"]

1. e4 e5 2. Nf3 Nf6 3. Nxe5 Nxe4 4. Qe2 Qe7 5. d4 d6 6. Nf3 d5 7. Be3 Nc6 8. c3
Be6 9. Nbd2 Nxd2 10. Qxd2 Qd7 11. Bb5 Bd6 12. h4 O-O-O 13. a4 a6 14. Bxc6 Qxc6
15. b4 Qc4 16. Ne5 Bxe5 17. dxe5 Qe4 18. O-O Qxe5 19. b5 a5 20. b6 c6 21. Bf4
Qe4 22. Rfe1 Qc4 23. Qe3 Rd7 24. Qe5 Kd8 25. Qxg7 Re8 26. Qf6+ Kc8 27. Qe5 Kd8
28. Qb8+ Ke7 29. Bg5+ Kf8 30. Qe5 Kg8 31. Bh6 Qg4 32. Re3 f6 33. Qxf6 Rf7 34.
Qe5 Rf5 35. Qd6 Qg6 36. Rg3 Qxg3 37. Qxg3+ 1-0

[Event "Chigorin Memorial"]
[Site "St Petersburg"]
[Date "2016.10.18"]
[Round "4.168"]
[White "Kievelitz, Bernd"]
[Black "Astakhov, Dmitrii"]
[Result "1/2-1/2"]
[WhiteElo "1897"]
[BlackElo "1456"]
[PlyCount "51"]
[EventDate "2016.10.15"]
[EventType "swiss"]
[EventRounds "9"]
[EventCountry "RUS"]

1. Nf3 d5 2. d4 c6 3. c4 Nf6 4. Qb3 a6 5. g3 dxc4 6. Qxc4 b5 7. Qc2 Bb7 8. Bg2
Nbd7 9. O-O e6 10. Bg5 Qb6 11. a4 c5 12. axb5 axb5 13. Rxa8+ Bxa8 14. dxc5 Bxc5
15. b4 Bxb4 16. Qc8+ Qd8 17. Qxd8+ Kxd8 18. Nd4 Bxg2 19. Kxg2 Bc5 20. Nxb5 Ke7
21. N1c3 h6 22. Bxf6+ Nxf6 23. Rc1 Rd8 24. Na4 Bd6 25. Nxd6 Rxd6 26. Rc7+
1/2-1/2

[Event "Chigorin Memorial"]
[Site "St Petersburg"]
[Date "2016.10.18"]
[Round "4.169"]
[White "Lapushnian, Eran"]
[Black "Kundianok, Vladislav"]
[Result "0-1"]
[WhiteElo "1910"]
[BlackElo "1616"]
[PlyCount "54"]
[EventDate "2016.10.15"]
[EventType "swiss"]
[EventRounds "9"]
[EventCountry "RUS"]

1. e4 c5 2. Nf3 e6 3. d4 cxd4 4. Nxd4 Nf6 5. Nc3 Nc6 6. Nxc6 bxc6 7. e5 Nd5 8.
Ne4 Qc7 9. f4 Qb6 10. Qe2 a5 11. a3 Ba6 12. c4 Qb3 13. Qf2 Bxc4 14. Nd2 Qe3+
15. Qxe3 Nxe3 16. Bxc4 Nc2+ 17. Kd1 Nxa1 18. b3 a4 19. bxa4 Rxa4 20. Bb2 Bxa3
21. Bxa1 Bb4 22. Nb3 Be7 23. Bd3 c5 24. Kd2 c4 25. Rc1 cxb3 26. Bb5 Ra8 27. Bb2
O-O 0-1

[Event "Chigorin Memorial"]
[Site "St Petersburg"]
[Date "2016.10.18"]
[Round "4.170"]
[White "Budnikova, Varvara"]
[Black "Ageeva, Vasilisa"]
[Result "1-0"]
[WhiteElo "1906"]
[BlackElo "1556"]
[PlyCount "47"]
[EventDate "2016.10.15"]
[EventType "swiss"]
[EventRounds "9"]
[EventCountry "RUS"]

1. e4 c5 2. Nf3 Nc6 3. c3 d5 4. exd5 Qxd5 5. d4 Bf5 6. Na3 e6 7. Be2 cxd4 8.
Nb5 O-O-O 9. cxd4 Bb4+ 10. Bd2 Bxd2+ 11. Qxd2 a6 12. Nc3 Qa5 13. O-O e5 14. d5
f6 15. Qe3 Nb4 16. Qa7 Nxd5 17. Nxd5 Rxd5 18. Rac1+ Kd8 19. Qxb7 Rd7 20. Rfd1
Rxd1+ 21. Rxd1+ Ke8 22. Bxa6 e4 23. Bb5+ Kf8 24. Qb8+ 1-0

[Event "Chigorin Memorial"]
[Site "St Petersburg"]
[Date "2016.10.18"]
[Round "4.171"]
[White "Grekhov, Luka"]
[Black "Mukhtarova, Anastasiia"]
[Result "0-1"]
[WhiteElo "1600"]
[BlackElo "1869"]
[PlyCount "100"]
[EventDate "2016.10.15"]
[EventType "swiss"]
[EventRounds "9"]
[EventCountry "RUS"]

1. d4 Nf6 2. c4 e6 3. Nf3 b6 4. g3 Ba6 5. Qa4 c6 6. Nc3 d5 7. Ne5 Qc7 8. Bg2
Bd6 9. cxd5 b5 10. Qc2 cxd5 11. Qb3 Nc6 12. Nxc6 Qxc6 13. Bd2 O-O 14. Rc1 Qb6
15. e3 Rac8 16. O-O b4 17. Na4 Qa5 18. Rxc8 Rxc8 19. Rc1 Rxc1+ 20. Bxc1 Bb5 21.
Nc5 Bc4 22. Qd1 Qxa2 23. b3 Qe2 24. Qd2 Bb5 25. Qxe2 Bxe2 26. Bd2 a5 27. Na4
Bd1 28. Nc5 Kf8 29. Nb7 Bc7 30. Nc5 Bb6 31. Na4 Ba7 32. Bf1 Bxb3 33. Bb5 Ne4
34. Be1 Ke7 35. Nb2 Nd6 36. Bd3 h6 37. Kf1 Nc4 38. Nxc4 dxc4 39. Be4 c3 40. Bd3
a4 41. Ke2 a3 42. Bb1 a2 43. Bxa2 Bxa2 44. Kd3 Bb3 45. f3 Kd6 46. e4 f5 47. e5+
Kd5 48. Bf2 Bd1 49. f4 c2 50. Be3 Bxd4 0-1

[Event "Chigorin Memorial"]
[Site "St Petersburg"]
[Date "2016.10.18"]
[Round "4.172"]
[White "Smirnov, Dmitrii"]
[Black "Serov, Aleksandr"]
[Result "1-0"]
[WhiteElo "1849"]
[BlackElo "1505"]
[PlyCount "143"]
[EventDate "2016.10.15"]
[EventType "swiss"]
[EventRounds "9"]
[EventCountry "RUS"]

1. e4 c6 2. d4 d5 3. Nd2 dxe4 4. Nxe4 Bf5 5. Ng3 Bg6 6. Nf3 e6 7. Ne5 Nd7 8.
Nxg6 hxg6 9. Be2 Ngf6 10. c3 Bd6 11. O-O Qc7 12. Qc2 O-O-O 13. Bg5 Rh7 14. Qd3
Rdh8 15. h3 Nd5 16. c4 Nf4 17. Bxf4 Bxf4 18. d5 Nc5 19. Qf3 Bxg3 20. Qxg3 Qxg3
21. fxg3 f5 22. dxe6 Nxe6 23. Rad1 Kc7 24. Rf3 Re8 25. Rfd3 Nc5 26. R3d2 Ne4
27. Rd7+ Kb6 28. b4 a6 29. c5+ Ka7 30. Bf3 g5 31. Re1 Nxc5 32. Rxb7+ Nxb7 33.
Rxe8 Kb6 34. Re5 Nd6 35. Rc5 Rh6 36. Bxc6 g4 37. h4 Rf6 38. Bd7 g6 39. Re5 Ne4
40. Re6+ Rxe6 41. Bxe6 Nxg3 42. Bf7 Ne2+ 43. Kf1 Ng3+ 44. Kf2 Ne4+ 45. Kg1 g5
46. h5 Nf6 47. h6 Kb5 48. Bg6 f4 49. h7 Nxh7 50. Bxh7 Kxb4 51. Bg8 Kc3 52. Kf2
Kd4 53. Be6 g3+ 54. Kf3 Ke5 55. Bc4 a5 56. Bb5 Kd4 57. a4 Ke5 58. Kg4 Kf6 59.
Bd3 Ke5 60. Kxg5 Kd4 61. Be2 Ke3 62. Bf3 Kd4 63. Kxf4 Kc5 64. Kxg3 Kd6 65. Kh4
Ke7 66. Kh5 Kf7 67. Kh6 Kg8 68. g4 Kh8 69. g5 Kg8 70. g6 Kh8 71. g7+ Kg8 72.
Bd5# 1-0

[Event "Chigorin Memorial"]
[Site "St Petersburg"]
[Date "2016.10.18"]
[Round "4.173"]
[White "Makeev, Konstantin"]
[Black "Pilchin, Uri"]
[Result "0-1"]
[WhiteElo "1525"]
[BlackElo "1839"]
[PlyCount "108"]
[EventDate "2016.10.15"]
[EventType "swiss"]
[EventRounds "9"]
[EventCountry "RUS"]

1. e4 c5 2. Nc3 d6 3. g3 g6 4. Bg2 Bg7 5. f4 Nc6 6. Nf3 Nf6 7. d3 Bd7 8. h3 a6
9. O-O Qc8 10. Kh2 h5 11. Nh4 Qc7 12. f5 gxf5 13. exf5 O-O-O 14. Ne4 Nxe4 15.
dxe4 Rdg8 16. c3 Bf6 17. Bf4 Ne5 18. Nf3 Nc6 19. Rc1 Rg7 20. h4 Ne5 21. Bxe5
dxe5 22. Bh3 Bc6 23. Qc2 Rhg8 24. Rg1 b5 25. Qe2 Qb7 26. Nd2 Rh8 27. Rce1 Rgg8
28. Qe3 c4 29. b3 cxb3 30. axb3 Rd8 31. Nf3 Kb8 32. Bg2 Rd6 33. Ng5 Bxg5 34.
Qxg5 Rhd8 35. Qxh5 Rd2 36. Re2 Bxe4 37. Kh3 Rxe2 38. Qxe2 Bxg2+ 39. Rxg2 Qd5
40. Qe3 Kb7 41. b4 f6 42. Re2 Qd3 43. g4 Kc6 44. Kg3 Rd5 45. Kf2 Qc4 46. Kf1
Qxg4 47. Qe4 Qxe4 48. Rxe4 Rd3 49. Kg2 Kd5 50. Rg4 Rxc3 51. h5 Rc8 52. h6 Rh8
53. Rh4 e4 54. Kf2 Ke5 0-1

[Event "Chigorin Memorial"]
[Site "St Petersburg"]
[Date "2016.10.18"]
[Round "4.174"]
[White "Bulsoev, Alexander"]
[Black "Moshkov, Vyacheslav"]
[Result "1/2-1/2"]
[WhiteElo "1462"]
[BlackElo "1826"]
[PlyCount "90"]
[EventDate "2016.10.15"]
[EventType "swiss"]
[EventRounds "9"]
[EventCountry "RUS"]

1. Nf3 Nf6 2. c4 g6 3. d4 Bg7 4. e3 O-O 5. Nc3 d5 6. Bd3 b6 7. O-O Bb7 8. b3
Nbd7 9. Bb2 Re8 10. Rc1 c5 11. cxd5 cxd4 12. Nxd4 Nxd5 13. Bc4 N7f6 14. Nxd5
Nxd5 15. Qd2 a6 16. Rfd1 e6 17. Nf3 Qe7 18. Bxg7 Kxg7 19. Bxd5 Bxd5 20. Rc3 Qb7
21. Rdc1 Rec8 22. Qb2 f6 23. Qc2 Rxc3 24. Qxc3 Re8 25. Qc7+ Re7 26. Qg3 e5 27.
Nh4 Kf7 28. Nf3 Rc7 29. Rd1 a5 30. Ne1 a4 31. Rb1 Be4 32. Rd1 axb3 33. axb3 Bf5
34. Qh4 Kg7 35. Rd6 g5 36. Qb4 Rc1 37. Qd2 Qc7 38. Kf1 Rb1 39. e4 Bc8 40. Rd5
Ba6+ 41. Kg1 Qc1 42. Rd7+ Kg6 43. Rg7+ Kxg7 44. Qd7+ Kf8 45. Qd8+ Kg7 1/2-1/2

[Event "Chigorin Memorial"]
[Site "St Petersburg"]
[Date "2016.10.18"]
[Round "4.175"]
[White "Golikov, Sergei"]
[Black "Petrov, Maksim"]
[Result "0-1"]
[WhiteElo "1789"]
[BlackElo "1367"]
[PlyCount "95"]
[EventDate "2016.10.15"]
[EventType "swiss"]
[EventRounds "9"]
[EventCountry "RUS"]

1. c4 e5 2. Nc3 Bb4 3. Qc2 Nc6 4. Nf3 Nf6 5. e4 Bxc3 6. bxc3 d6 7. Be2 O-O 8.
O-O b6 9. d4 h6 10. Ba3 Re8 11. c5 Bb7 12. d5 Ne7 13. Bb5 Rf8 14. cxd6 cxd6 15.
Nd2 a6 16. Be2 Qc7 17. Qb3 b5 18. c4 bxc4 19. Bxc4 Rab8 20. Qd3 Ra8 21. Bb3 Ng6
22. Rfc1 Qe7 23. Nc4 Rad8 24. h3 Nf4 25. Qd2 Nxe4 26. Qe3 Bxd5 27. Rd1 Bb7 28.
f3 Qg5 29. Qxf4 Qxf4 30. fxe4 Qxe4 31. Rd2 Rfe8 32. Rf2 Qc6 33. Raf1 d5 34. Ne3
Qb6 35. Nf5 Rd7 36. Kh1 Qa5 37. Bc1 f6 38. Rf3 Kh8 39. Nh4 d4 40. Rg3 d3 41.
Rd1 e4 42. Bd2 Qc5 43. Be3 Qh5 44. Ng6+ Kh7 45. Ba4 Rc7 46. Nf4 Qe5 47. Bxe8
Qxe8 48. Ng6 0-1

[Event "Chigorin Memorial"]
[Site "St Petersburg"]
[Date "2016.10.18"]
[Round "4.176"]
[White "Riakhovskii, Mark"]
[Black "Kvachko, Anastasiya"]
[Result "0-1"]
[WhiteElo "1370"]
[BlackElo "1780"]
[PlyCount "132"]
[EventDate "2016.10.15"]
[EventType "swiss"]
[EventRounds "9"]
[EventCountry "RUS"]

1. c4 e6 2. g3 d5 3. Bg2 dxc4 4. Qa4+ Nd7 5. Qxc4 Ngf6 6. Nf3 Nb6 7. Qc2 Be7 8.
Nc3 O-O 9. O-O Nbd5 10. a3 Bd7 11. b4 a5 12. bxa5 Rxa5 13. Bb2 Bc6 14. Rfc1
Nxc3 15. Qxc3 Rc5 16. Qd4 Qxd4 17. Nxd4 Bxg2 18. Kxg2 Rxc1 19. Rxc1 c5 20. Nb3
Rc8 21. d3 h6 22. Rc2 Nd7 23. Nd2 b5 24. Rc3 Bf6 25. Rc2 Be7 26. Rc3 Nb6 27.
Rb3 b4 28. Nc4 Nxc4 29. dxc4 Rd8 30. Rd3 Rxd3 31. exd3 Bf6 32. d4 bxa3 33. Bxa3
Bxd4 34. f4 Kf8 35. Kf3 Ke7 36. Ke4 f5+ 37. Kd3 Kd6 38. Ke2 Kc6 39. Bc1 Kb6 40.
Bd2 e5 41. fxe5 Bxe5 42. Kf3 g5 43. h3 Bd6 44. Bc3 h5 45. g4 fxg4+ 46. hxg4 h4
47. Bd2 Be7 48. Bc3 Bd8 49. Ke4 Ka6 50. Kd5 h3 51. Be5 Bf6 52. Bh2 Bd4 53. Ke4
Ka5 54. Kf5 Be3 55. Ke4 Bf2 56. Kf5 Bh4 57. Ke4 Kb4 58. Kd3 Bf2 59. Ke2 Bd4 60.
Kd3 Kb3 61. Ke4 Kxc4 62. Kf5 Be3 63. Ke4 Bf4 64. Bxf4 gxf4 65. Kf3 Kd5 66. Kxf4
h2 0-1

[Event "Chigorin Memorial"]
[Site "St Petersburg"]
[Date "2016.10.18"]
[Round "4.177"]
[White "Titievskaya, Elizaveta"]
[Black "Kudin, Alexander"]
[Result "1-0"]
[WhiteElo "1774"]
[BlackElo "1313"]
[PlyCount "35"]
[EventDate "2016.10.15"]
[EventType "swiss"]
[EventRounds "9"]
[EventCountry "RUS"]

1. e4 e5 2. Nf3 Nc6 3. Bb5 a6 4. Ba4 d6 5. O-O Nf6 6. Re1 Be7 7. h3 O-O 8. c3
Be6 9. d4 exd4 10. cxd4 Bc4 11. Nbd2 Bb5 12. Bxb5 axb5 13. Nf1 Qd7 14. Ng3 h6
15. Nh4 d5 16. e5 Nh7 17. Nhf5 Bb4 18. Qg4 1-0

[Event "Chigorin Memorial"]
[Site "St Petersburg"]
[Date "2016.10.18"]
[Round "4.178"]
[White "Zolotyh, Lev"]
[Black "Burdin, Daniil"]
[Result "1-0"]
[WhiteElo "1767"]
[BlackElo "1243"]
[PlyCount "105"]
[EventDate "2016.10.15"]
[EventType "swiss"]
[EventRounds "9"]
[EventCountry "RUS"]

1. e4 e6 2. d4 d5 3. Nd2 Nf6 4. Bd3 c5 5. e5 Nfd7 6. c3 Qb6 7. Ne2 Nc6 8. Nf3
Be7 9. O-O O-O 10. Bc2 cxd4 11. cxd4 f6 12. Qd3 g6 13. exf6 Bxf6 14. a3 Bg7 15.
Be3 Ne7 16. b4 a6 17. Rac1 Qd6 18. Rfd1 b5 19. Bb3 Bb7 20. Bg5 Nf5 21. Bf4 Qb6
22. Bc7 Qa7 23. Ng3 Rac8 24. Nxf5 Rxf5 25. Bg3 Rff8 26. h3 Bc6 27. Re1 Rfe8 28.
Ne5 Nxe5 29. Bxe5 Bxe5 30. Rxe5 a5 31. Bd1 axb4 32. axb4 Bd7 33. Rxc8 Rxc8 34.
Bg4 Qa1+ 35. Kh2 Kf7 36. Qf3+ Ke7 37. Qe3 Rc6 38. Rxd5 Qb2 39. Qe5 Qxf2 40.
Qg7+ Qf7 41. Rxd7+ Kxd7 42. Qxf7+ Kd6 43. Qxe6+ Kc7 44. Qd7+ Kb6 45. d5 Rc4 46.
Qd8+ Kb7 47. Qa5 Rd4 48. Qxb5+ Kc7 49. Qc6+ Kb8 50. Bf3 Rxb4 51. d6 Ka7 52. d7
Rd4 53. Qb7# 1-0

[Event "Chigorin Memorial"]
[Site "St Petersburg"]
[Date "2016.10.18"]
[Round "4.179"]
[White "Glazov, Anatoly"]
[Black "Kirianova, Evgeniia"]
[Result "1-0"]
[WhiteElo "1763"]
[BlackElo "1219"]
[PlyCount "51"]
[EventDate "2016.10.15"]
[EventType "swiss"]
[EventRounds "9"]
[EventCountry "RUS"]

1. d4 d5 2. c4 Nf6 3. Nc3 e6 4. Bg5 Be7 5. Nf3 O-O 6. e3 h6 7. Bh4 b6 8. Rc1
Na6 9. Be2 Bb7 10. O-O c5 11. Ne5 Qc7 12. Qa4 Rac8 13. cxd5 Nxd5 14. Nxd5 Bxd5
15. Bxe7 Qb7 16. Bxa6 Qa8 17. f3 f6 18. Ng6 Bc6 19. Qc2 cxd4 20. Bxf8 dxe3 21.
Bxc8 Bb5 22. Bxe6+ Kh7 23. Ne7+ Kh8 24. Bg8 f5 25. Qxf5 e2 26. Qh7# 1-0

[Event "Chigorin Memorial"]
[Site "St Petersburg"]
[Date "2016.10.18"]
[Round "4.180"]
[White "Lantseva, Aleksandra"]
[Black "Stepanov, Ivan"]
[Result "0-1"]
[WhiteElo "1359"]
[BlackElo "1760"]
[PlyCount "100"]
[EventDate "2016.10.15"]
[EventType "swiss"]
[EventRounds "9"]
[EventCountry "RUS"]

1. e4 c5 2. Nf3 d6 3. d4 cxd4 4. Nxd4 Nf6 5. Nc3 Nc6 6. Nb3 g6 7. Be2 Bg7 8.
Be3 O-O 9. O-O Be6 10. f4 Qd7 11. Qd3 Nb4 12. Qd2 Rfc8 13. a3 Nxe4 14. Nxe4
Nxc2 15. Nbc5 dxc5 16. Qxc2 b6 17. Rfd1 Qc7 18. Bf3 Rab8 19. Nc3 a6 20. Nd5 Qa7
21. b3 Rd8 22. Nc3 Rdc8 23. Ne4 c4 24. bxc4 Bxc4 25. Re1 Be6 26. Qf2 Qc7 27.
Rac1 Qd8 28. Rxc8 Bxc8 29. Rd1 Qc7 30. Qd2 Be6 31. Ng5 Bc3 32. Nxe6 Bxd2 33.
Nxc7 Bxe3+ 34. Kf1 a5 35. Nd5 Bc5 36. a4 b5 37. axb5 Rxb5 38. Nc3 Rb3 39. Na4
Bd6 40. Rd5 Bxf4 41. Rxa5 Bxh2 42. Bd5 Ra3 43. Ra8+ Kg7 44. Nc5 Rxa8 45. Bxa8
Bd6 46. Ne4 f5 47. Nxd6 exd6 48. Ke2 Kf6 49. g3 Ke5 50. Ke3 g5 0-1

[Event "Chigorin Memorial"]
[Site "St Petersburg"]
[Date "2016.10.18"]
[Round "4.182"]
[White "Timofeev, Vsevolod"]
[Black "Pankova, Julia"]
[Result "0-1"]
[WhiteElo "1301"]
[BlackElo "1745"]
[PlyCount "68"]
[EventDate "2016.10.15"]
[EventType "swiss"]
[EventRounds "9"]
[EventCountry "RUS"]

1. e4 c5 2. Nc3 Nc6 3. f4 g6 4. Nf3 Bg7 5. Bc4 d6 6. d3 Nf6 7. O-O O-O 8. Qe1
e6 9. Bd2 d5 10. Bb3 b6 11. e5 Nd7 12. Ne2 Ba6 13. a3 c4 14. dxc4 dxc4 15. Ba2
Qc7 16. b4 b5 17. Bb1 Bb7 18. c3 a5 19. Be4 Ne7 20. Ned4 Bxe4 21. Qxe4 Rab8 22.
Rfb1 Rfc8 23. a4 bxa4 24. Rxa4 axb4 25. Raxb4 Rxb4 26. Rxb4 Nd5 27. Rb1 Nc5 28.
Qe2 Na4 29. Nb5 Qc5+ 30. Kh1 Rb8 31. Nfd4 Naxc3 32. Nxc3 Rxb1+ 33. Nxb1 Qxd4
34. Qf3 Qb2 0-1

[Event "Chigorin Memorial"]
[Site "St Petersburg"]
[Date "2016.10.18"]
[Round "4.183"]
[White "Maltsevskaya, Anna"]
[Black "Prishibilovich, Matvei"]
[Result "1-0"]
[WhiteElo "1243"]
[BlackElo "1707"]
[PlyCount "85"]
[EventDate "2016.10.15"]
[EventType "swiss"]
[EventRounds "9"]
[EventCountry "RUS"]

1. e4 e5 2. Nf3 Nc6 3. Bc4 Bc5 4. Nc3 Nf6 5. d3 h6 6. Bd2 d6 7. h3 Be6 8. Bb3
Qd7 9. Qe2 O-O-O 10. Ba4 Rdg8 11. Be3 Bxe3 12. Qxe3 Kb8 13. O-O-O a6 14. d4
exd4 15. Nxd4 Qe8 16. Nxc6+ bxc6 17. Qd3 Kb7 18. f4 Nd7 19. f5 Nc5 20. Qd4 Nxa4
21. Qxa4 Bd7 22. Qa5 Qe7 23. Rd4 Qg5+ 24. Kb1 c5 25. Nd5 Rc8 26. Rd3 Bb5 27.
Rb3 Qxg2 28. Re1 Qf2 29. c4 c6 30. cxb5 cxd5 31. Qxa6+ Kc7 32. Qc6+ Kd8 33.
Qxd6+ Ke8 34. Qe5+ Kf8 35. exd5 Kg8 36. d6 Kh7 37. Rg3 Rhg8 38. Reg1 g6 39.
fxg6+ Rxg6 40. Rxg6 fxg6 41. Qe7+ Kh8 42. Re1 Qf5+ 43. Ka1 1-0